Bioquímica general / (Record no. 65758)

MARC details
000 -LEADER
campo de control de longitud fija 00791nam a2200229 i 4500
001 - NÚMERO DE CONTROL
campo de control 65758
003 - IDENTIFICADOR DE NÚMERO DE CONTROL
campo de control ES-MaACL
005 - FECHA Y HORA DE LA ÚLTIMA TRANSACCIÓN
campo de control 20250815112600.0
007 - CAMPO FIJO DE DESCRIPCIÓN FÍSICA--INFORMACIÓN GENERAL
campo de control de longitud fija t|
008 - DATOS DE LONGITUD FIJA--INFORMACIÓN GENERAL
campo de control de longitud fija 040121s1961 sp ||||1| spa d
100 1# - ENTRADA PRINCIPAL--NOMBRE DE PERSONA
Nombre de persona Fruton, Joseph S.
9 (RLIN) 52770
245 10 - MENCIÓN DEL TÍTULO
Título Bioquímica general /
Mención de responsabilidad, etc. Joseph S. Fruton, Sofía Simmonds ; traducción por Pascual López Lorenzo, Bernabé Sanz Pérez y Justino Burgos González.
260 ## - PUBLICACIÓN, DISTRIBUCIÓN, ETC.
Lugar de publicación, distribución, etc. Barcelona :
Nombre del editor, distribuidor, etc. Omega,
Fecha de publicación, distribución, etc. [1961]
300 ## - DESCRIPCIÓN FÍSICA
Extensión 1043 p. :
Otras características físicas il. ;
Dimensiones 23 cm.
650 07 - PUNTO DE ACCESO ADICIONAL DE MATERIA--TÉRMINO DE MATERIA
Término de materia o nombre geográfico como elemento de entrada Bioquímica
Fuente del encabezamiento o término embne
9 (RLIN) 136796
700 1# - ENTRADA AGREGADA--NOMBRE PERSONAL
Nombre de persona Simmonds, Sofía.
9 (RLIN) 106486
700 1# - ENTRADA AGREGADA--NOMBRE PERSONAL
Nombre de persona López Lorenzo, Pascual.
9 (RLIN) 73738
700 1# - ENTRADA AGREGADA--NOMBRE PERSONAL
Nombre de persona Sanz Pérez, Bernabé.
9 (RLIN) 103675
700 1# - ENTRADA AGREGADA--NOMBRE PERSONAL
Nombre de persona Burgos González, Justino.
9 (RLIN) 32663
852 ## - LOCALIZACIÓN
Ubicación ES-MaACL
Número de control de estantería C-21648
Sublocalización o colección R.50322
Holdings
Estatus retirado Estado de pérdida Estado de daño No para préstamo Biblioteca de origen Biblioteca actual Ubicación en estantería Fecha de adquisición Fuente de adquisición Total de préstamos Signatura topográfica completa Código de barras Visto por última vez Precio de reemplazo Tipo de ítem Koha
        Biblioteca del Ateneo de Madrid Biblioteca del Ateneo de Madrid Galería 17/01/2008     C-21648 1068890 23/02/2023 23/02/2023 Libro impreso